000 00549nam a2200193 a 4500
001 1771666227496
003 YourLibrary
005 20260221150218.0
008 260221s2009##################000#0#eng##
020 _a9788184501667
082 0 4 _a338.6420954
_bANA
100 1 _aAneet, M. Aggarwal,
_eauthor.
245 1 0 _aSmall and Medium Enterprises in Transitional Economies :
260 _bDeep and Deep Publications,
_c2009.
300 _a632 pages
650 0 _aSmall business.
942 _cENGLISH
040 _aYourLibrary
_beng
_cYourLibrary
999 _c615291
_d615291